Antología de la literatura española. Siglo XX.

Na minha lista:
Detalhes bibliográficos
Autor principal: Sánchez Polo, Carlos (autor)
Formato: Livro
Publicado em: Madrid, España: Sociedad General Española de Librería, S.A., 1976.
coleção:Antologías
Assuntos:
Tags: Adicionar Tag
Sem tags, seja o primeiro a adicionar uma tag!

MARC

LEADER 00000nam a22000007a 4500
003 CL-VaPUC
005 20230601083907.0
008 230519t1976 ||||| |||| 00| 0 eng d
999 |c 440914  |d 440912 
020 |a 84-7143-111-4 
040 |c Pontificia Universidad Católica de Valparaíso 
082 0 4 |2 21  |a 860.8 SAN 1976 
100 1 |a Sánchez Polo, Carlos  |e autor  |9 882407 
245 1 0 |a Antología de la literatura española.  |b Siglo XX. 
260 |a Madrid, España:  |b Sociedad General Española de Librería, S.A.,  |c 1976. 
300 |a 300 páginas. 
490 0 |a Antologías 
500 |a c.1 Donación Edu Memo 16/5/2023. 
583 |c 20230519  |k Catalogador Asistente 
650 1 |a Literatura española  |y Siglo 20  |x Antologias  |9 882586 
942 |2 ddc  |c BK 
952 |0 0  |1 0  |2 ddc  |4 0  |6 860_800000000000000_SAN_1976  |7 0  |8 A  |9 590094  |a BIBEDU  |b BIBEDU  |c GEN  |d 2023-05-19  |e Donación  |i 5657469  |o 860.8 SAN 1976  |p 5657469  |r 2023-05-19  |t 1  |w 2023-05-19  |y BK  |k LIT